00493nam a2200193 a 4500001001300000003000900013005001700022008004100039020000800080082001300088100001800101245003900119260003700158300000900195500003500204505002400239650001800263700001800281nice12345678IN_TiNIC20260116011334.0050524s1965 lona grp 000 0 eng  ac000a962bMAR aMarlowe, John aAnglo-Egyptian Relations 1800-1956 aLondonbFrank Cass and Co,c1965 a468p aincludes index and biblioraphy2 aBibliography, Index aEgypt-History1 aMarlowe, John